Statistiques concernant Capitales du monde - A à Z

Cliquez ici pour prendre le quiz!

Statistiques générales

  • Ce quiz a été pris 178 fois
  • Le résultat moyen est 14 sur 24

Statistiques - réponses

LettreIndiceCapitale% Correct
FL'équivalent anglais de la capitale du GabonFreetown
84%
DLieu de naissance de la GuinnessDublin
82%
JL'une des 5 plus grandes villes du mondeJakarta
80%
SConnue pour son syndromeStockholm
79%
INommée après la religion principale du paysIslamabad
75%
QSeule capitale en QQuito
72%
YEt non pas AbidjanYamoussoukro
72%
AEn anatolie centraleAnkara
71%
ZSeule capitale en ZZagreb
71%
TLieu de naissance de Michel Boujenah et Dany BrillantTunis
64%
HPersonnage de la Casa de Papel, ou chanson de DinosHelsinki
60%
LVille éponyme de son paysLuxembourg
60%
NCapitale la plus proche de MiamiNassau
60%
EPeut également commencer par un YErevan
59%
WUne recette de boeuf porte son nomWellington
58%
BFondée dans les années 60 dans le seul but d'être capitaleBrasilia
54%
GÀ 368 kilomètres de JohannesburgGaborone
54%
VCapitale d'un pays de 38 000 habitantsVaduz
46%
C5600 kilomètres au nord de la capitale en BCaracas
39%
KBorde le lac VictoriaKampala
39%
MRésidence de George WeahMonrovia
37%
O2e ville la plus polluée au mondeOulan Bator
37%
RLieu de naissance de Dominique de VillepinRabat
31%
PPas Malaga ni BarcelonePort d'Espagne
6%

Distribution des résultats

Percentile par nombre de réponses

% des personnes avec chaque résultat

Votre développement - résultats

Vous n’avez pas pris ce quiz